principles of economics (Record no. 5444)

MARC details
000 -LEADER
fixed length control field 00584nam a22001817a 4500
003 - CONTROL NUMBER IDENTIFIER
control field OSt
005 - DATE AND TIME OF LATEST TRANSACTION
control field 20210921131641.0
008 - FIXED-LENGTH DATA ELEMENTS--GENERAL INFORMATION
fixed length control field 210921b |||||||| |||| 00| 0 eng d
020 ## - INTERNATIONAL STANDARD BOOK NUMBER
International Standard Book Number
040 ## - CATALOGING SOURCE
Transcribing agency HU
082 ## - DEWEY DECIMAL CLASSIFICATION NUMBER
Classification number 330
100 ## - MAIN ENTRY--PERSONAL NAME
Personal name m.c vaish
9 (RLIN) 5555
245 ## - TITLE STATEMENT
Title principles of economics
250 ## - EDITION STATEMENT
Edition statement thirteenth edition
260 ## - PUBLICATION, DISTRIBUTION, ETC.
Place of publication, distribution, etc. india
Name of publisher, distributor, etc. vikas
Date of publication, distribution, etc. 1979
300 ## - PHYSICAL DESCRIPTION
Extent 722
942 ## - ADDED ENTRY ELEMENTS (KOHA)
Source of classification or shelving scheme Dewey Decimal Classification
Koha item type Books like text book referance book
Suppress in OPAC No
Holdings
Withdrawn status Lost status Source of classification or shelving scheme Damaged status Not for loan Home library Current library Shelving location Date acquired Full call number Barcode Date last seen Copy number Price effective from Koha item type Total Checkouts
    Dewey Decimal Classification     College of Business and Economics Library College of Business and Economics Library General Stacks 09/21/2021 330/SUN MBEIJB 00000260 09/21/2021 1 09/21/2021 Books like text book referance book  
    Dewey Decimal Classification     College of Business and Economics Library College of Business and Economics Library General Stacks 09/21/2021 330/SUS MBEIJB 00000261 09/21/2021 2 09/21/2021 Books like text book referance book